000 00859nam a2200277 i 4500
001 bg
100 1 _aKAWLATH, Wolfram
245 1 0 _aInstalacje sanitarne /
_cWolfram Kawlath ; tł. z niem. Andrzej Machalski.
246 _iTyt. oryg.:
_aSanitärinstallationen
260 _aWarszawa :
_b"Arkady",
_c1998.
300 _a96 s. :
_bfot. kolor., rys. ;
_c24 cm.
490 1 _aDo It Yourself
500 _aOryg.: "Sanitärinstallationen" 1997.
504 _aIndeks.
650 9 _aInstalacje sanitarne
655 _aPoradniki
830 _aDo It Yourself
020 _a8321339670
040 _cBPK
041 1 _apl
_hde
080 _a643/645:696](02.025.2)(083.1)
920 _a83-213-3967-0
942 _cKS
008 s pl f |000 0 pol
999 _c40530
_d40530
856 _uhttp://koha.tu.koszalin.pl/cgi-bin/koha/opac-detail.pl?biblionumber=40530
_yKatalog online BPK